[Event "29th Paul Keres Memorial 2020"]
[Site "Tallinn"]
[Date "2020.01.11"]
[Round "4.2"]
[White "Meshkovs, Nikita"]
[Black "Alekseev, Evgeny"]
[Result "0-1"]
[WhiteElo "2565"]
[BlackElo "2623"]
[Annotator "TA"]
[PlyCount "156"]
[EventDate "2020.01.11"]
[EventType "swiss"]
[EventCountry "EST"]
[SourceTitle "playchess.com"]
[Source "ChessBase"]
[SourceQuality "1"]

{[%evp 9,156,23,28,27,30,39,35,33,39,24,30,27,36,29,39,0,0,0,15,22,37,0,30,0,7,4,13,14,27,17,25,27,40,45,30,29,44,15,8,8,10,8,20,10,7,0,0,0,0,0,0,0,0,0,0,0,0,0,0,-6,-6,-10,-7,-144,-28,-29,-16,-64,0,0,60,0,0,0,27,0,0,-29,0,0,0,-32,-32,-40,-23,-117,-86,-189,-31,-31,-31,-31,-31,-31,-31,-31,-31,-31,-10,-10,-10,-10,-6,-7,-7,-10,-10,-10,-10,-8,0,-12,-10,-12,-10,-12,-8,-12,0,-82,-82,-156,-157,-533,-470,-5849,-5721,-6621,-3867,-29969,-29971,-29970,-29971,-29970,-29970,-29967,-29969,-29966,-29960,-29980,-29981,-29981,-29982,-29982,-29983,-29983,-29984,-29984,-29985]} 1. Nf3 c5 2. c4 Nc6 3. d4 cxd4 4. Nxd4 Qb6 5. e3 (5. Nc2 Nf6 6. Nc3 e6 7. g3 Ne5 8. e4 d6 9. f4 Nc6 10. Be3 Qc7 11. Bg2 Be7 12. O-O O-O 13. Qe2 a6 14. Rac1 b6 15. Ne1 {1-0 (46) Dubov,D (2648)-Alekseev,E (2636) Sochi 2016}) 5... g6 6. Nc3 {A30: Symmetrical English: Double Fianchetto and Hedgehog} Nf6 7. Be2 Bg7 8. O-O {White is slightly better.} O-O 9. a3 d6 10. b4 Bd7 11. Bb2 Rfc8 12. c5 dxc5 13. Na4 {[%mdl 64] Double Attack} Qc7 $146 (13... Qd8 $5 {[%cal Rc5d4]} 14. Nxc5 Nxd4 15. Qxd4 Bc6 $11) ({Predecessor:} 13... Qd8 14. Nxc5 Nxd4 15. Bxd4 Bc6 16. b5 Bd5 {0-1 (42) Krasenkova,I (2147)-Piorun,K (2499) Warsaw 2012}) 14. Nb5 Qb8 15. Nxc5 Be8 16. Qb3 b6 17. Nd3 a6 18. Nd4 Nxd4 19. Bxd4 {White wants to play Bf3.} Bc6 20. Rac1 Bd5 21. Qb2 Qb7 22. Nf4 Bc6 23. Rxc6 Rxc6 24. Bf3 Rac8 25. Nd3 Qb8 26. Bxc6 Rxc6 27. b5 axb5 28. Qxb5 Ng4 $40 {[%csl Gg4][%cal Rb8h2][%mdl 128] Black mounts an attack.} 29. g3 Rd6 30. Bxg7 Kxg7 31. Ne5 Nf6 32. Nc4 Re6 33. Rb1 {[%cal Rc4b6]} Qa8 34. Qb2 h5 35. Nxb6 Qf3 {Hoping for ...h4!} 36. Qd4 {[#]} (36. Nc4 $11) 36... Rd6 (36... h4 $1 $17 {[%cal Rh4h3][%mdl 512]} 37. Qf4 (37. Qxh4 Ng4) 37... Qb7 38. Qxh4 Rxb6 39. Rxb6 Qxb6) 37. Qf4 $1 $11 {[%cal Rf4f3]} Qe2 38. Nc4 Ra6 (38... Rd5 $15 39. e4 Rd4) 39. Qd4 Qf3 ({Black should try} 39... Ra4 $11 40. Rc1 h4) 40. Ne5 (40. Rb8 $14 Rc6 41. h4) 40... Qf5 41. Ra1 Rd6 42. Qb2 Rd5 43. Nc4 Kh7 (43... h4 $5 44. Re1 Qg4 $11) 44. Qe2 Ne4 45. f3 Nc3 {[%mdl 1024] Black has compensation.} 46. Qf1 {aiming for e4.} Qc2 {...Ne2+ is the strong threat.} 47. e4 (47. Re1 $11 {keeps the balance.}) 47... Rd3 48. Kh1 (48. Re1 $17) 48... Ne2 $2 (48... Nd1 $1 $19 {Strongly threatening ...Nf2+.} 49. a4 Nf2+ 50. Kg1 Rxf3) 49. Re1 $15 ({But not} 49. Ne5 Rd2 $17) 49... Nxg3+ 50. hxg3 {Black must now prevent Ne5.} Qxc4 {[%mdl 4096] Endgame KQR-KQR} 51. Re3 Rc3 52. Qxc4 Rxc4 {KR-KR} 53. Kg2 Rc2+ 54. Kh3 g5 55. Rb3 e6 56. a4 Ra2 57. Rb4 Kg6 58. Rc4 Kf6 59. Rb4 Kg6 60. Rc4 Ra3 61. Kg2 g4 62. f4 Kf6 63. Rb4 Kg6 64. Rd4 (64. Rc4 $11 {remains equal.}) 64... Ra2+ $17 65. Kg1 {[#]} (65. Kh1 $142) 65... h4 $1 {[%mdl 512]} 66. f5+ $2 (66. Rd8 $17) (66. gxh4 Kh5) 66... exf5 $19 67. exf5+ (67. Rd6+ $142 f6 68. exf5+ Kxf5 69. gxh4 Rxa4 70. Rc6) 67... Kg5 68. gxh4+ Kxh4 69. f6 {[#]} Kh3 $1 {Black mates.} 70. Rd8 Ra1+ 71. Kf2 g3+ 72. Kf3 Ra3+ 73. Kf4 Rxa4+ 74. Ke5 g2 75. Rd1 Kh2 76. Kd6 g1=Q 77. Rxg1 Kxg1 78. Ke7 Ra7+ {Accuracy: White = 45%, Black = 61%.} 0-1

[Event "29th Paul Keres Memorial 2020"]
[Site "Tallinn"]
[Date "2020.01.11"]
[Round "4.3"]
[White "Tiviakov, Sergei"]
[Black "Kulaots, Kaido"]
[Result "1-0"]
[WhiteElo "2608"]
[BlackElo "2510"]
[Annotator "TA"]
[PlyCount "77"]
[EventDate "2020.01.11"]
[EventType "swiss"]
[EventCountry "EST"]
[SourceTitle "playchess.com"]
[Source "ChessBase"]
[SourceQuality "1"]

{[%evp 30,77,25,26,36,29,92,92,94,81,86,102,132,129,148,140,352,381,375,358,359,347,365,341,336,365,687,687,675,650,645,378,2304,1107,1522,805,2406,2343,2192,1906,2216,2142,1875,1886,1856,1850,1672,1622,1062,900]} 1. e4 c5 2. Nc3 Nc6 3. Nge2 d6 4. d4 cxd4 5. Nxd4 Nf6 6. Bg5 e6 7. Qd2 a6 8. O-O-O Bd7 9. f4 Be7 10. Nf3 b5 11. Bxf6 gxf6 12. Kb1 Qb6 13. f5 O-O-O 14. g3 Kb8 15. fxe6 fxe6 16. Bh3 b4 {B69: Sicilian: Richter-Rauzer: 7...a6 8 0-0-0 Bd7 9 f4 Be7 10 Nf3 b5 11 Bxf6} (16... Na5 17. Nd4 b4 18. Nce2 e5 19. Bxd7 Rxd7 20. Nf5 Nc4 21. Qd3 Rc8 22. Ka1 Bf8 23. b3 Na3 24. c4 bxc3 25. Nxc3 {½-½ (64) Navara,D (2734)-Saric,I (2681) Patras 2019}) 17. Ne2 {[%cal Bc3e2,Be2d4,Bd4f5][%mdl 32] Black should prevent Nf4.} Na5 $146 (17... e5 $11 18. Bxd7 Rxd7) ({Predecessor:} 17... Ne5 18. Nfd4 d5 19. exd5 exd5 20. Bxd7 Rxd7 21. Nf4 Rhd8 22. Rhe1 Bc5 23. Nh5 Kb7 24. Qf4 {½-½ (80) Nowak,K (2240)-Cukrowski,F (2381) Polanica Zdroj 2016}) 18. Ned4 $16 e5 {White is better.} 19. Bxd7 Rxd7 20. Nf5 Nc4 21. Qd3 Rc8 {[#]} 22. Nd2 $1 {[%cal Rd2c4]} d5 $2 (22... Qc5 $16 {was worth a try.} 23. Rhf1 Rc6 24. Nxc4 Qxc4) 23. Nxc4 $18 ({Weaker is} 23. exd5 Nxd2+ 24. Rxd2 Bd6 $16) 23... Rxc4 {[#]} 24. Qxc4 $1 {[%mdl 512]} dxc4 25. Rxd7 Bc5 {[#]} 26. Rhd1 $1 ({Less strong is} 26. Rxh7 Qd8 $16) 26... Qb5 27. Rxh7 {[%cal Rd1d8]} Kc8 $2 (27... Bd4 28. Nxd4 exd4 29. Rxd4 Kc8) 28. Rdd7 Qxd7 29. Rxd7 Kxd7 {[%mdl 4096] Endgame KB-KN} 30. b3 c3 $2 (30... cxb3 31. cxb3 Ke6) 31. Kc1 (31. h4 $142 Ke6 32. h5) 31... Ke6 32. Kd1 a5 33. Ke2 Kf7 34. g4 Kg6 35. h4 Bb6 36. Kd3 Bc5 37. Kc4 Bb6 38. Kb5 Bd8 39. Ne3 {Accuracy: White = 95%, Black = 24%.} 1-0

[Event "29th Paul Keres Memorial 2020"]
[Site "Tallinn"]
[Date "2020.01.11"]
[Round "4.4"]
[White "Chukavin, Kirill"]
[Black "Kuzubov, Yuriy"]
[Result "0-1"]
[WhiteElo "2359"]
[BlackElo "2644"]
[Annotator "TA"]
[PlyCount "60"]
[EventDate "2020.01.11"]
[EventType "swiss"]
[EventCountry "EST"]
[SourceTitle "playchess.com"]
[Source "ChessBase"]
[SourceQuality "1"]

{[%evp 17,60,35,31,34,43,29,51,22,38,0,35,32,56,14,11,19,30,19,49,5,52,1,19,27,26,20,25,34,24,-97,-62,-293,-307,-433,-431,-425,81,-415,-415,-401,-387,-387,-381,-381,-370]} 1. e4 c6 2. d4 d5 3. exd5 cxd5 4. Bd3 Nc6 5. c3 Nf6 6. Bf4 g6 7. Nf3 Bg7 8. O-O O-O 9. Re1 Nh5 10. Be3 {B13: Caro-Kann: Exchange Variation and Panov-Botvinnik Attack} Qc7 11. Nbd2 a6 (11... Nf6 12. h3 Bf5 13. Bf1 Rad8 14. Ne5 Nxe5 15. dxe5 Qxe5 16. Bxa7 {½-½ (132) Blomqvist,E (2523)-Howell,D (2694) Batumi 2019}) 12. a4 $146 {White is slightly better.} ({Predecessor:} 12. Rc1 Nf4 13. Bf1 b5 14. Ne5 Ne6 15. Nd3 f5 16. f4 Bb7 17. Qf3 {1-0 (41) Todorovic,G (2441)-Zivkovic,M (2233) Skopje 2018}) 12... Bd7 13. Nf1 Nf4 14. Bc2 b5 15. axb5 axb5 16. Qd2 Ne6 17. b4 Rfc8 18. Bb3 {Hoping for Rxa8.} Qd6 19. Bh6 ({White should play} 19. h4 $14) 19... Rxa1 20. Rxa1 Bxh6 21. Qxh6 Qf4 22. Qxf4 $1 Nxf4 23. Re1 (23. Bd1 $1 $11) 23... Bg4 {White must now prevent ...Bxf3.} 24. Re3 $2 (24. Bd1 $1 $15) 24... Bxf3 $1 $19 25. Rxf3 {[#]} (25. gxf3 {was the only chance.} Ra8 26. Re1) 25... Nxd4 $1 {[%mdl 512]} 26. cxd4 Ne2+ {[%mdl 64] Double Attack} 27. Kh1 {[#]} Rc1 $1 {[%cal Rc1f1][%mdl 512] Black is winning.} 28. g3 {White wants to play Kg2.} Rxf1+ 29. Kg2 Rg1+ 30. Kh3 Nxd4 {Accuracy: White = 34%, Black = 51%.} 0-1

[Event "29th Paul Keres Memorial 2020"]
[Site "Tallinn"]
[Date "2020.01.11"]
[Round "4.5"]
[White "Turov, Maxim"]
[Black "Rauk, Tonu"]
[Result "1-0"]
[WhiteElo "2567"]
[BlackElo "2135"]
[Annotator "TA"]
[PlyCount "31"]
[EventDate "2020.01.11"]
[EventType "swiss"]
[EventCountry "EST"]
[SourceTitle "playchess.com"]
[Source "ChessBase"]
[SourceQuality "1"]

{[%evp 14,31,6,8,42,43,41,45,74,78,107,85,282,281,280,271,602,624,932,925]} 1. d4 Nf6 2. Nf3 e6 3. c4 b6 4. g3 Ba6 5. Qa4 Be7 6. Bg2 O-O 7. O-O Bb7 8. Nc3 d5 {E15: Queen's Indian: 4 g3 sidelines, 4 g3 Ba6 and 4 g3 Bb7 early deviations} (8... Ne4 9. Qc2 Nxc3 10. Qxc3 c5 11. Rd1 d6 12. d5 exd5 13. cxd5 Bf6 14. Qc2 Nd7 15. Bf4 Qe7 16. e4 Rfe8 17. Re1 Ne5 18. Nxe5 Bxe5 19. Bxe5 Qxe5 20. f4 {½-½ (39) Mamedyarov,S (2747)-Ivanchuk,V (2710) Huaian 2016}) 9. cxd5 exd5 10. Ne5 a6 $146 {White is slightly better.} ({Predecessor:} 10... c6 11. Rd1 b5 12. Qc2 Nbd7 13. Bf4 {½-½ (68) Hnydiuk,A (2409)-Cukrowski,F (2416) Krakow 2019}) 11. Rd1 Re8 12. Bg5 h6 $2 (12... b5 $16 13. Qb3 c6) 13. Bxf6 $1 $18 Bxf6 {[#]} 14. Nxd5 $1 {[%mdl 512]} Bxe5 $2 (14... c6) (14... Bxd5 15. Bxd5) 15. dxe5 {Hoping for Nf6+!} Qc8 {[#]} 16. Nxb6 {Played: Nd5-f6} 1-0

[Event "29th Paul Keres Memorial 2020"]
[Site "Tallinn"]
[Date "2020.01.11"]
[Round "4.6"]
[White "Neiksans, Arturs"]
[Black "Shishkov, Andrei"]
[Result "1-0"]
[WhiteElo "2560"]
[BlackElo "2390"]
[Annotator "TA"]
[PlyCount "103"]
[EventDate "2020.01.11"]
[EventType "swiss"]
[EventCountry "EST"]
[SourceTitle "playchess.com"]
[Source "ChessBase"]
[SourceQuality "1"]

{[%evp 13,119,43,43,43,40,36,44,23,26,-9,-8,-4,66,75,63,41,236,35,103,108,81,-16,-18,-8,-21,-64,-64,-64,-64,-57,-25,-73,-8,-18,-11,-64,56,65,64,60,57,49,53,14,14,14,14,27,71,71,71,64,81,72,99,89,98,87,144,135,135,135,135,141,138,94,136,138,154,145,209,209,209,209,226,114,224,198,580,571,557,564,546,501,755,753,586,563,6179,6156,6123,6107,6099,6087,6070,107,107,0,5448,5214,4132,5189,2071,5057,1352,1352,29991,11265]} 1. e4 d5 2. exd5 Nf6 3. d4 Nxd5 4. c4 Nb6 5. Nf3 Bg4 6. c5 N6d7 7. Bc4 e6 8. O-O {B01: Scandinavian Defence} (8. Nc3 Be7 9. h3 Bh5 10. Be3 Nc6 11. Qe2 O-O 12. O-O-O Bg6 13. h4 Bh5 14. Rhg1 Bg4 15. d5 exd5 16. Nxd5 Bxc5 17. Bxc5 Nxc5 {0-1 (52) Rublevsky,S (2645)-Dreev,A (2645) Elista 1996}) 8... Nc6 {next ...Bxf3 is good for Black.} 9. Be3 Be7 10. Nbd2 {White is slightly better.} O-O 11. Qa4 $146 ({Predecessor:} 11. a3 e5 12. d5 Na5 13. Be2 Bxc5 14. b4 Bxe3 15. fxe3 c6 16. bxa5 cxd5 {1-0 (31) Kuenzner,E-Mittelstaedt,M Ansbach 1985}) 11... a6 12. b4 b5 (12... Nf6 $11) 13. cxb6 $1 $14 {[%mdl 64] Black must now prevent b7. Discovered Attack} Nxb4 14. b7 Ra7 $2 (14... Bxf3 $14 15. Nxf3 Rb8) 15. Qb3 $2 (15. Ne5 $1 $18 {[%cal Re5d7]} Nxe5 16. dxe5 Rxb7 17. a3) 15... Bxf3 (15... a5 $14) 16. Nxf3 $16 Nb6 {[#]} 17. Be2 ({Better is} 17. Bxe6 $1 $16 {Bc8 is the strong threat.} Rxb7 18. Bf5) 17... Rxb7 18. a3 N4d5 19. Bxa6 Ra7 20. Bd3 Qa8 21. Bc1 Bf6 22. Rb1 Rb8 (22... Rc8 $17) 23. Qc2 $11 g6 24. Ne5 (24. h4 $11) 24... Rxa3 (24... c6 $15) 25. Bxa3 $14 Qxa3 26. Be4 {Threatens to win with Bxd5.} Ra8 27. g3 Qa4 28. Qd2 Bxe5 29. Bxd5 $1 Nxd5 30. dxe5 Qe4 31. Rfe1 $36 {[%mdl 2048] White has strong initiative.} Qf3 32. Qh6 Qf5 33. Rb2 Rd8 34. h4 c5 35. Qc1 Rc8 ({Black should try} 35... Nb4) 36. Rc2 Nb4 37. Rxc5 Rxc5 38. Qxc5 $16 {[%mdl 4096] Endgame KQR-KQN} Nd3 39. Qc8+ Kg7 40. Re2 Nxe5 41. Qc3 f6 (41... Qb1+ $16 42. Kg2 Qb7+ 43. f3 f6) 42. Kg2 $18 Nf7 43. Qc6 e5 {[#]} 44. Qd5 ({White should play} 44. Re3 $1 $18 {[%cal Re3f3] Hoping for Rf3.} Nd8 45. Qd5) 44... Qc8 (44... g5 $16 {might work better.}) 45. Rb2 Nd8 $2 (45... Qd8 46. Qb7 f5) 46. Rb6 Nf7 {[#]} 47. Rb7 $1 Qe8 48. Kg1 h5 (48... Kf8 $142 49. g4 Kg8) 49. Qd6 Qa8 {[#]} 50. Qd7 $1 Qf8 51. Qe6 Qg8 52. Kh2 {Played: Rb7-d7} 1-0

[Event "29th Paul Keres Memorial 2020"]
[Site "Tallinn"]
[Date "2020.01.11"]
[Round "5.1"]
[White "Alekseev, Evgeny"]
[Black "Turov, Maxim"]
[Result "1/2-1/2"]
[WhiteElo "2623"]
[BlackElo "2567"]
[Annotator "TA"]
[PlyCount "84"]
[EventDate "2020.01.11"]
[EventType "swiss"]
[EventCountry "EST"]
[SourceTitle "playchess.com"]
[Source "ChessBase"]
[SourceQuality "1"]

{[%evp 20,84,18,18,17,13,22,18,22,16,20,17,16,0,4,0,7,0,24,25,15,14,22,0,35,36,27,36,27,8,30,26,58,27,42,0,23,23,32,18,36,0,0,0,31,0,7,0,54,53,57,58,62,58,58,49,88,12,25,-174,-173,-153,-151,-162,-134,-172,-127]} 1. e4 c6 2. d4 d5 3. exd5 cxd5 4. Bd3 Nc6 5. c3 Nf6 6. h3 g6 7. Nf3 Bg7 8. O-O Bf5 9. Re1 Bxd3 10. Qxd3 O-O 11. Bf4 Ne4 {B13: Caro-Kann: Exchange Variation and Panov-Botvinnik Attack} (11... Qb6 12. Nbd2 Qxb2 13. Reb1 Qa3 14. Rxb7 Rfc8 15. Rab1 Bf8 16. R7b2 Na5 17. Rc2 Qa4 18. Ne5 Nd7 19. Rb4 Nxe5 20. dxe5 {1-0 (27) Mamedov,R (2703)-Blesic,V (2390) Caleta 2019}) 12. Nbd2 Nxd2 13. Nxd2 $146 ({Predecessor:} 13. Qxd2 e6 14. Bh6 Re8 15. Bxg7 Kxg7 16. Re2 Rb8 17. b4 Rc8 18. Rae1 Re7 19. Qf4 {0-1 (46) Farkas,G (2129)-Gyurkovics,B (2253) Hungary 2016}) 13... e6 {The position is equal.} 14. Re2 Rc8 15. Rae1 Na5 16. Qg3 Nc4 17. Nb3 b6 18. Nc1 Qf6 19. Nd3 {[#] Strongly threatening b3.} Qf5 20. Rd1 h6 21. Qh2 Rfd8 22. g4 Qf6 23. Qg3 Qe7 24. Kg2 Kh7 25. Rde1 Qf6 26. Bc1 Qe7 27. Bf4 Bf6 28. Qf3 Bg7 29. Rh1 Bf6 30. Qg3 Bh4 31. Qh2 Nd6 32. f3 Nc4 33. Bg3 Bf6 (33... Kg7 $11) 34. h4 $14 Bg7 35. h5 g5 36. Rf1 Rg8 37. Kh3 Rce8 38. f4 (38. b3 $16 Na5 39. Re3) 38... f5 39. gxf5 $2 (39. Kg2 $11 {and White has nothing to worry.}) 39... Qf7 $19 {Black is clearly better.} 40. Kg2 {[#] aiming for fxg5.} exf5 41. Rfe1 Re4 42. b3 Na5 {Accuracy: White = 42%, Black = 39%.} 1/2-1/2

[Event "29th Paul Keres Memorial 2020"]
[Site "Tallinn"]
[Date "2020.01.11"]
[Round "5.2"]
[White "Kuzubov, Yuriy"]
[Black "Tiviakov, Sergei"]
[Result "1/2-1/2"]
[WhiteElo "2644"]
[BlackElo "2608"]
[Annotator "TA"]
[PlyCount "105"]
[EventDate "2020.01.11"]
[EventType "swiss"]
[EventCountry "EST"]
[SourceTitle "playchess.com"]
[Source "ChessBase"]
[SourceQuality "1"]

{[%evp 12,105,12,14,17,14,22,22,18,16,22,20,24,14,17,22,10,24,27,32,27,8,21,30,116,109,106,98,101,109,96,83,119,74,81,57,60,53,57,60,96,37,84,71,95,92,107,55,66,62,68,63,77,31,87,86,93,30,19,23,24,15,45,35,37,26,25,23,23,25,29,26,27,19,28,18,21,8,8,8,8,0,0,0,0,0,0,0,0,0,0,0,0,0,0,0]} 1. d4 Nf6 2. c4 e6 3. Nf3 b6 4. g3 Bb7 5. Bg2 Be7 6. Nc3 O-O 7. Qc2 Na6 {E17: Queen's Indian: 4 g3 Bb7 5 Bg2 Be7} 8. e4 d5 9. cxd5 exd5 10. e5 Ne4 11. O-O c5 12. Be3 Qd7 13. Rfd1 Rac8 14. Rac1 {[#]} Qe6 $146 ({Predecessor:} 14... cxd4 15. Nxd4 {½-½ (49) Kuzubov,Y (2636)-Kozak,A (2512) Mamaia 2019}) 15. Qb1 cxd4 16. Bxd4 Nac5 17. Ne2 a5 (17... Qf5 $11 {remains equal.}) 18. Nf4 $16 Qc6 19. Be3 Rfd8 20. Nd4 Qe8 21. e6 Bf6 {[%cal Rf7e6]} 22. exf7+ Qxf7 23. Bh3 Rb8 24. b4 axb4 25. Qxb4 Ba8 26. Rb1 ({White should play} 26. f3 $16 Ng5 27. Bg4) 26... Ng5 27. Bg2 Nge4 {[#]} 28. a4 $1 Qe8 {[#]} 29. a5 ({Better is} 29. Nb5 $1 $16) 29... bxa5 $14 30. Qxa5 Qa4 31. Qxa4 Nxa4 32. Nde6 Rxb1 (32... Nac3 $14 33. Nxd8 Rxb1 34. Rxb1 Nxb1) 33. Rxb1 $16 Nac3 34. Nxd8 (34. Rb3 $16 Re8 35. Bh3) 34... Nxb1 $11 35. Nde6 {Nc7 is the strong threat.} Nbc3 36. Nh5 Kf7 37. Nxf6 Kxe6 38. Nxe4 dxe4 $14 {[%mdl 4096] Endgame KBB-KBN} 39. Bf1 Nd5 40. Bd4 Nf6 41. h3 Bd5 42. g4 g5 43. Bb5 h5 {The position is equal.} 44. Bxf6 (44. Be2 {is more complex.} hxg4 45. hxg4 Nd7 46. Kg2 Ne5 47. Kg3) 44... Kxf6 45. gxh5 $11 {KB-KB} Bf7 46. Be2 Kg7 47. Bg4 Kh6 48. Kf1 Bxh5 49. Ke2 Bg6 50. Ke3 Kg7 51. Bd1 Bf5 52. Bc2 Bxh3 53. Bxe4 {Accuracy: White = 57%, Black = 71%.} 1/2-1/2

[Event "29th Paul Keres Memorial 2020"]
[Site "Tallinn"]
[Date "2020.01.11"]
[Round "5.3"]
[White "Seeman, Tarvo"]
[Black "Kovalenko, Igor"]
[Result "0-1"]
[WhiteElo "2410"]
[BlackElo "2640"]
[Annotator "TA"]
[PlyCount "56"]
[EventDate "2020.01.11"]
[EventType "swiss"]
[EventCountry "EST"]
[SourceTitle "playchess.com"]
[Source "ChessBase"]
[SourceQuality "1"]

{[%evp 9,56,0,0,0,3,0,35,0,56,0,15,0,4,-3,14,-24,-17,-14,0,0,0,-48,-55,-46,-18,-58,-46,-64,-35,-59,-58,-70,-71,-462,-472,-465,-442,-425,-229,-241,-212,-214,-218,-305,-291,-783,-782,-29988,-29989]} 1. c4 e5 2. Nc3 Bb4 3. Nd5 Bd6 4. g3 c6 5. Nc3 Nf6 6. Bg2 {A21: English Opening: 1...e5 2 Nc3} O-O 7. e4 a6 $146 ({Predecessor:} 7... Bc5 8. Nge2 d6 9. O-O Be6 10. d3 a6 11. h3 b5 {1-0 (44) Dubov,D (2690)-Piorun,K (2611) Moscow 2019}) 8. Nge2 {White is slightly better.} b5 (8... Bc7 $11) 9. b3 (9. d4 $14) 9... Bc5 10. O-O d6 11. h3 Re8 12. d3 Nbd7 13. Rb1 b4 14. Na4 Ba7 15. Kh1 {[#]} d5 $1 {[%mdl 512]} 16. Qc2 (16. cxd5 cxd5) 16... h6 17. Bd2 a5 18. Rbd1 Qe7 19. Bc1 Bb7 20. g4 {[#]} Nxg4 $1 {[%mdl 512]} 21. hxg4 $4 {[%mdl 8192]} (21. Ng3 $17 {is a better chance.} g6 22. Qe2) 21... Qh4+ $19 {[%mdl 64] Double Attack} 22. Kg1 {[#]} Nf6 $1 {[%cal Rf6g4]} 23. Bf3 {White wants to play c5.} Bc8 (23... Nxg4 $142 {( -> ...Qh2#)} 24. Bxg4 Qxg4+ 25. Kh2 Bc8) 24. c5 Nxg4 $40 {[%mdl 128] Black attacks with force.} 25. Bxg4 Bxg4 26. f3 Bh3 {...Re6 is the strong threat.} 27. Rf2 $2 (27. exd5 cxd5 28. Qd2) 27... Re6 28. Rh2 Rg6+ {Accuracy: White = 20%, Black = 61%.} 0-1

[Event "29th Paul Keres Memorial 2020"]
[Site "Tallinn"]
[Date "2020.01.11"]
[Round "5.4"]
[White "Gareyev, Timur"]
[Black "Neiksans, Arturs"]
[Result "1-0"]
[WhiteElo "2607"]
[BlackElo "2560"]
[Annotator "TA"]
[PlyCount "77"]
[EventDate "2020.01.11"]
[EventType "swiss"]
[EventCountry "EST"]
[SourceTitle "playchess.com"]
[Source "ChessBase"]
[SourceQuality "1"]

{[%evp 9,77,4,6,-2,1,0,0,-25,19,16,38,44,38,33,41,26,117,94,104,97,133,36,148,63,147,124,133,145,143,141,132,124,208,227,266,223,240,239,227,239,305,277,321,214,290,227,362,328,437,410,627,587,740,459,1184,1179,1175,1151,1108,1102,1354,1131,1101,800,5831,5066,29994,29995,29996,29997]} 1. Nf3 Nf6 2. c4 b6 3. d3 c5 (3... Bb7 4. e4 d6 5. Nc3 g6 6. g3 Bg7 7. Bg2 O-O 8. O-O c5 9. h3 Nbd7 10. Be3 Rc8 11. Nh4 Bc6 12. f4 a6 13. a4 Ne8 14. g4 Nc7 15. f5 b5 16. axb5 axb5 {1-0 (39) Wei,Y (2736)-Praggnanandhaa,R (2536) chess.com INT 2019}) 4. e4 Nc6 5. g3 g6 6. Bg2 {A15: English Opening: 1...Nf6} Bg7 7. O-O O-O 8. e5 {The position is equal.} Ng4 $146 ({Predecessor:} 8... Ne8 9. Re1 Bb7 10. Nc3 Nc7 11. h4 Ne6 12. Ng5 Ned4 13. h5 h6 14. Nf3 Nxf3+ 15. Bxf3 Qb8 16. Bxc6 Bxc6 17. Qg4 g5 18. f4 gxf4 19. Bxf4 Kh8 20. Qh4 e6 {½-½ (20) Mrva,M (2445)-Stohl,I (2540) Slovakia 1998}) 9. Re1 f6 10. exf6 Nxf6 11. d4 Ba6 12. Na3 Rc8 (12... cxd4 $1 $11 {keeps the balance.} 13. Nxd4 Nxd4 14. Qxd4 (14. Bxa8 Qxa8 15. Qxd4 Qc6 $17) 14... Rc8) 13. Qa4 Bb7 14. d5 Nb4 {[#]} 15. Qb3 (15. Qxa7 Ba6 $17) (15. Qd1 $1 $16) 15... Kh8 (15... e6 $14) 16. Bd2 (16. Ng5 $16) 16... a5 ({Black should try} 16... e6 $1 $14) 17. Rad1 a4 18. Qe3 (18. Qxa4 Nd3 $14) 18... Nxa2 19. Nc2 (19. Qxe7 Qxe7 20. Rxe7 Rfe8 $16) 19... b5 {[#]} 20. Qa3 $1 {[%cal Ra3a2]} ({Stronger than} 20. Qxe7 bxc4 21. Qxd8 Rcxd8 $15) 20... bxc4 (20... Nxd5 $16 21. cxd5 (21. Qxa2 Nb6 $16) 21... Bxd5) 21. Qxa2 $18 Bxd5 {Black wants to play ...c3.} 22. Bc3 {Hoping for Bxf6.} (22. Qxa4 $6 Ra8 $16) 22... Bg8 23. Ne3 d5 24. Nxc4 ({Much less strong is} 24. Qxa4 $6 d4 $16) 24... Ra8 25. Ng5 Ra6 26. Be5 d4 27. Nf3 Nd5 (27... Bd5 {was necessary.} 28. Nfd2 Bxg2) 28. Qa3 Qc8 29. Rc1 Be6 (29... Bf6 $142 30. Bxf6+ exf6) 30. Ng5 Bg8 31. h4 Nb4 (31... Bf6 $142 32. Bxf6+ exf6) 32. Bxg7+ {[%mdl 64] Discovered Attack} Kxg7 33. Rxe7+ Kh8 34. Ne5 Qf5 35. f4 Ra5 36. Nd7 Rc8 {[#]} 37. Qxb4 $3 {[%mdl 512]} cxb4 38. Rxc8 {[%csl Gg5][%cal Re7h7]} Qb1+ 39. Kh2 {Accuracy: White = 65%, Black = 23%.} 1-0